|
|
|
|
| LEADER |
00725nta a2200205 i 4500 |
| 001 |
dipl97650 |
| 005 |
20220207090650.0 |
| 008 |
220126s1970 hu om 0|| zxx d |
| 040 |
|
|
|a SZTE Diploma Repozitórium
|b hun
|
| 041 |
|
|
|a zxx
|
| 100 |
1 |
|
|a Ficsor Imre
|
| 245 |
1 |
2 |
|a A DA-3M és a Volga típusú félstabil fejőgépek összehasonlítása a műszaki jellemzők és üzemi mérések alapján
|h [elektronikus dokumentum] /
|c Imre Ficsor
|
| 260 |
|
|
|c 1970
|
| 300 |
|
|
|a 25
|
| 650 |
|
4 |
|a Agrár
|
| 650 |
|
4 |
|a Agricultural sciences
|
| 650 |
|
4 |
|a Other agricultural sciences
|
| 695 |
|
|
|a Fejőgépek
|
| 700 |
1 |
|
|a nincs megadva
|e ths
|
| 856 |
4 |
0 |
|u http://diploma.bibl.u-szeged.hu/id/eprint/97650/1/xxxx_ficsor_imre.pdf
|z Dokumentum-elérés
|